[Event "Match"]
[Site "www.echecsemail.com"]
[Date "2016.04.27"]
[Round "1"]
[White "Bojan"]
[Black "Amo"]
[WhiteElo "1850"]
[BlackElo "1809"]
[Result "1-0"]
[Round "1"]
1.d4 g6
2.c4 d5
3.e3 Bc8f5
4.c5 c6
5.b4 a5
6.b5 b6
7.cxb6 Qd8xb6
8.Nb1c3 e6
9.Ng1f3 Bf8b4
10.Qd1b3 cxb5
11.Bf1xb5 Qb6xb5
12.Bc1d2 Qb5b7
13.a3 a4
14.Qb3xb4 Qb7xb4
15.axb4 Nb8c6
16.Nc3xa4 Bf5c2
17.b5 Nc6e7
18.b6 Ra8xa4
19.Ra1xa4 Bc2xa4
20.O-O Ng8f6
21.Rf1a1 Ba4c6
22.Nf3e5 O-O
23.Bd2b4 Rf8e8
24.Bb4xe7 Re8xe7
25.Ne5xc6 Re7b7
26.Ra1a8 Kg7
27.Ra8b8 Rb7xb8
28.Nc6xb8 Nf6e8
29.f3 Ne8d6
30.Nb8d7 f5
31.Nd7c5 Kf7
32.b7 Nd6xb7
33.Nc5xb7 Kf6
34.Nb7c5 e5
35.Nc5d7 Ke6
36.Nd7xe5 g5
37.Kf2 h5
38.h3 h4
39.f4 Kf6
40.Kf3 gxf4
41.Kxf4 { resign }
1-0

[Event "Fast Game"]
[Site "www.echecsemail.com"]
[Date "2016.04.27"]
[Round "1"]
[White "Cal"]
[Black "Derfel83"]
[WhiteElo "1560"]
[BlackElo "1560"]
[Result "0-1"]
[Round "1"]
1.Ng1f3 Ng8f6
2.d4 e6
3.a3 c5
4.dxc5 Bf8xc5
5.e3 a6
6.Nb1c3 Nb8c6
7.b4 Bc5a7
8.Bf1d3 O-O
9.h3 d5
10.Bc1b2 b5
11.O-O Bc8b7
12.Nf3g5 h6
13.Ng5f3 Ra8c8
14.Nc3e2 Ba7b8
15.c3 Qd8d6
16.Ne2g3 Nc6e5
17.Nf3d4 Ne5xd3
18.Qd1xd3 Nf6e4
19.Ng3h5 Qd6h2

0-1

[Event "Fast Game"]
[Site "www.echecsemail.com"]
[Date "2016.04.27"]
[Round "1"]
[White "Grimsby"]
[Black "Cal"]
[WhiteElo "1399"]
[BlackElo "1560"]
[Result "0-1"]
[Round "1"]
1.e4 e5
2.Ng1f3 d6
3.Bf1c4 h6
4.d4 Bc8g4
5.dxe5 Nb8c6
6.exd6 cxd6
7.Nb1c3 Ng8f6
8.Bc1e3 a6
9.O-O Nc6e5
10.Bc4d5 { time. }
0-1

[Event "Tourn. n8651"]
[Site "www.chess-mail.com"]
[Date "2016.04.28"]
[Round "1"]
[White "Cal"]
[Black "Ditto"]
[WhiteElo "1760"]
[BlackElo "1620"]
[Result "0-1"]
[Round "1"]
1.c4 e5
2.e4 Ng8f6
3.Nb1c3 Bf8b4
4.d3 O-O
5.Bc1d2 Nb8c6
6.Nc3e2 Bb4c5
7.a3 d6
8.Ng1f3 Bc8g4
9.Ne2g3 Nc6d4
10.Bf1e2 Bg4d7
11.h3 Bd7a4
12.Qd1xa4 Nd4c6
13.O-O a6
14.Ng3f5 Ra8b8
15.b4 Bc5a7
16.Bd2g5 Nc6d4
17.Nf3xd4 exd4
18.f4 h6
19.Bg5h4 Rf8e8
20.b5 Ba7c5
21.bxa6 Rb8a8
22.a7 Ra8xa7
23.Be2h5 Ra7xa4
24.e5 dxe5
25.fxe5 Bc5e7
26.e6 Nf6xh5
27.Bh4xe7 Qd8a8
28.Nf5xh6 gxh6
29.exf7 Kg7
30.Rf1f3 Re8xe7
31.g4 Nh5f6
32.Rf3f4 c5
33.h4 Qa8b8
34.Ra1f1 Ra4xa3
35.g5 hxg5
36.hxg5 Nf6h7
37.g6 Kxg6
38.Kg2 Ra3a2
39.Kg3 Re7e3
40.Kg4 Qb8c8
41.Kh4 Qc8h3

0-1

[Event "Tourn. n8657"]
[Site "www.chess-mail.com"]
[Date "2016.04.28"]
[Round "1"]
[White "Cal"]
[Black "Ditto"]
[WhiteElo "1770"]
[BlackElo "1620"]
[Result "0-1"]
[Round "1"]
1.c4 e5
2.e4 Nb8c6
3.a3 Ng8f6
4.d3 Bf8c5
5.Ng1f3 O-O
6.Bc1g5 h6
7.Nb1c3 hxg5
8.Nc3e2 d6
9.b4 Bc5b6
10.Ne2g3 Bc8g4
11.Bf1e2 Nf6h7
12.h3 Bg4d7
13.Qd1d2 Qd8f6
14.O-O a6
15.Ng3h5 Qf6e7
16.d4 g4
17.Nf3h2 gxh3
18.g3 Bb6xd4
19.g4 Nh7g5
20.Kh1 Bd7e6
21.Be2d3 Bd4xa1
22.Rf1xa1 Nc6d4
23.a4 Ng5f3
24.Nh2xf3 Nd4xf3
25.Qd2e3 Be6xg4
26.Nh5g3 Qe7f6
27.Bd3e2 Kh7
28.Be2xf3 Bg4xf3
29.Kg1 Rf8h8
30.Kh2 Kg8
31.Ng3f5 Bf3g4
32.f3 Bg4xf5
33.exf5 Qf6xf5
34.Ra1g1 Qf5f4
35.Qe3xf4 exf4
36.Rg1g4 Ra8e8
37.Rg4xf4 Re8e2
38.Kh1 h2
39.Rf4e4 Re2xe4
40.fxe4 Rh8h4
{ resign }
0-1

[Event "Tourn. n8674"]
[Site "www.chess-mail.com"]
[Date "2016.04.28"]
[Round "1"]
[White "Joseph1983"]
[Black "Terrible"]
[WhiteElo "2140"]
[BlackElo "2290"]
[Result "0-1"]
[Round "1"]
1.d4 d5
2.Nb1c3 Ng8f6
3.Bc1f4 c6
4.e3 Nb8d7
5.Ng1f3 g6
6.Nf3e5 Bf8g7
7.h3 Nf6h5
8.Bf4h2 Nh5f6
9.Bf1d3 O-O
10.Qd1f3 a5
11.O-O Nd7xe5
12.Bh2xe5 Nf6e8
13.Be5xg7 Ne8xg7
14.Ra1d1 a4
15.a3 Qd8b6
16.Rd1b1 Bc8f5
17.Bd3xf5 Ng7xf5
18.g4 Nf5d6
19.Kg2 f5
20.g5 Nd6e4
21.Nc3xe4 fxe4
22.Qf3g4 Rf8f5
23.f4 Qb6b5
 { time }
0-1

[Event "Tourn. n8661"]
[Site "www.chess-mail.com"]
[Date "2016.04.28"]
[Round "1"]
[White "Julian"]
[Black "Ffdd65"]
[WhiteElo "2070"]
[BlackElo "2220"]
[Result "0-1"]
[Round "1"]
1.e4 e5
2.Ng1f3 d6
3.d4 f6
4.dxe5 fxe5
5.Bf1c4 Ng8f6
6.Nb1c3 c6
7.Bc1g5 Bf8e7
8.Qd1e2 h6
9.Bg5h4 Nf6h5
10.Bh4xe7 Qd8xe7
11.O-O-O Bc8e6
12.Bc4xe6 Qe7xe6
13.g3 Nb8a6
14.Nf3h4 g6
15.f4 exf4
16.g4 Nh5g7
17.Rh1e1 O-O-O
18.Qe2f3 g5
19.Nh4f5 Rd8d7
20.Nf5xg7 Rd7xg7
21.e5 dxe5
22.Nc3e4 Rg7d7
23.Rd1xd7 Kxd7
24.Re1d1 Kc7
25.Qf3a3 Rh8h7
26.h3 Rh7d7
27.Rd1xd7 Kxd7
28.b3 Qe6e7
29.Qa3a5 Qe7b4
30.Qa5xe5 Qb4e7
31.Ne4f6 Kd8
32.Qe5d4 Kc7
33.Nf6g8 Qe7c5
34.Qd4g7 Kb6
35.Qg7xh6 Na6b4
36.c4 Nb4xa2
37.Kb2 Qc5f2
38.Ka3 Na2c1
39.Ng8e7 Qf2a2
40.Kb4 Qa2a5

0-1

[Event "Tourn. n8718"]
[Site "www.chess-mail.com"]
[Date "2016.04.28"]
[Round "1"]
[White "Raven16"]
[Black "Faerieking"]
[WhiteElo "2140"]
[BlackElo "2230"]
[Result "1-0"]
[Round "1"]
1.d4 Ng8f6
2.c4 e6
3.Ng1f3 Bf8b4
4.Bc1d2 c5
5.Bd2xb4 cxb4
6.Nb1d2 O-O
7.e4 d6
8.Bf1d3 Qd8e7
9.O-O e5
10.d5 Nb8d7
11.a3 bxa3
12.Ra1xa3 Nd7c5
13.Bd3c2 Bc8g4
14.b4 Nc5d7
15.Qd1a1 a6
16.Rf1e1 Ra8c8
17.h3 Bg4h5
18.Nf3h4 Nd7b6
19.Nh4f5 Qe7c7
20.Ra3c3 Qc7d7
21.c5 dxc5
22.bxc5 Nb6a8
23.d6 { resign }
1-0

[Event "Tourn. n8702"]
[Site "www.chess-mail.com"]
[Date "2016.04.28"]
[Round "1"]
[White "Piekki"]
[Black "Milkyway"]
[WhiteElo "2090"]
[BlackElo "2269"]
[Result "1-0"]
[Round "1"]
1.e4 e6
2.d4 d5
3.Nb1c3 dxe4
4.Nc3xe4 Bc8d7
5.Ng1f3 Bd7c6
6.Bf1d3 Nb8d7
7.Qd1e2 Ng8f6
8.Bc1d2 Bc6xe4
9.Bd3xe4 Nf6xe4
10.Qe2xe4 c6
11.O-O-O Nd7f6
12.Qe4e2 Qd8d5
13.c4 Qd5e4
14.Bd2e3 Bf8e7
15.Nf3e5 Qe4f5
16.g4 { resign }
1-0

[Event "Tourn. n8617"]
[Site "www.chess-mail.com"]
[Date "2016.04.28"]
[Round "1"]
[White "Nimzo"]
[Black "Seger"]
[WhiteElo "2790"]
[BlackElo "2780"]
[Result "1/2-1/2"]
[Round "1"]
1.d4 d5
2.c4 e6
3.Nb1c3 Ng8f6
4.cxd5 exd5
5.Bc1g5 c6
6.Qd1c2 Bf8d6
7.e3 O-O
8.Bf1d3 h6
9.Bg5h4 Rf8e8
10.Ng1e2 b5
11.h3 Nb8d7
12.O-O a5
13.Ne2g3 Qd8b6
14.Rf1d1 Bd6f8
15.Ng3f1 Bc8a6
16.Ra1c1 Qb6b8
17.a4 Qb8b7
18.axb5 cxb5
19.Qc2e2 b4
20.Nc3a4 Ba6xd3
21.Qe2xd3 Ra8c8
22.f3 Rc8c6
23.Bh4e1 Bf8d6
24.Be1d2 Rc6xc1
25.Rd1xc1 Re8c8
26.Rc1xc8 Qb7xc8
27.Qd3b5 Qc8c7
28.Bd2e1 g6
29.Be1f2 Kh7
{ draw }
1/2-1/2

[Event "Tourn. n8681"]
[Site "www.chess-mail.com"]
[Date "2016.04.28"]
[Round "1"]
[White "Badshahc"]
[Black "Coventry"]
[WhiteElo "1930"]
[BlackElo "1860"]
[Result "1-0"]
[Round "1"]
1.e4 c5
2.Nb1c3 a6
3.a4 g6
4.d3 Bf8g7
5.Ng1e2 Nb8c6
6.Bc1e3 d6
7.g3 Bc8g4
8.Bf1g2 Ng8f6
9.Qd1d2 Bg4xe2
10.Nc3xe2 O-O
11.Be3h6 Qd8c7
12.h4 b5
13.h5 Nf6xh5
14.g4 Nh5f6
15.Bh6xg7 Kxg7
16.Qd2h6 Kg8
17.g5 Nf6h5
18.Ne2f4 { resign }
1-0

[Event "Tourn. n8725"]
[Site "www.chess-mail.com"]
[Date "2016.04.28"]
[Round "1"]
[White "Cal"]
[Black "Daquata"]
[WhiteElo "1650"]
[BlackElo "1620"]
[Result "0-1"]
[Round "1"]
1.e4 e5
2.a3 Ng8f6
3.d3 d5
4.exd5 Nf6xd5
5.Ng1f3 Nb8c6
6.c4 Nd5f6
7.Bc1g5 Bf8e7
8.Bg5xf6 Be7xf6
9.h3 O-O
10.Nb1c3 Rf8e8
11.Nc3e4 Bc8f5
12.Ne4c5 e4
13.dxe4 Qd8e7
14.Nc5xb7 Bf5xe4
15.Bf1e2 Be4xf3
16.gxf3 Bf6xb2
17.Ra1a2 Bb2c3
18.Kf1 Ra8b8
19.Ra2c2 Bc3f6
20.Qd1b1 Nc6d4
21.Rc2d2 Nd4xe2
22.a4 Ne2c3
23.Qb1b3 Qe7e1
24.Kg2 Qe1xd2
25.c5 Bf6h4
26.Rh1f1 Re8e2
27.c6 Re2xf2
28.Rf1xf2 Qd2xf2
29.Kh1 Qf2xf3
30.Kg1 Nc3e2
{ resign }
0-1

[Event "Tourn. n8755"]
[Site "www.chess-mail.com"]
[Date "2016.04.28"]
[Round "1"]
[White "Bojan"]
[Black "Amo"]
[WhiteElo "1820"]
[BlackElo "1679"]
[Result "0-1"]
[Round "1"]
1.e4 e6
2.d4 d5
3.exd5 exd5
4.h3 c5
5.Bc1e3 c4
6.a3 Nb8c6
7.Nb1c3 Ng8f6
8.Ng1f3 Bc8e6
9.Nf3g5 h6
10.Ng5xe6 fxe6
11.Bf1e2 a6
12.Be2f3 b5
13.Nc3a2 a5
14.O-O Qd8d6
15.Qd1d2 Bf8e7
16.c3 Be7d8
17.Rf1e1 Bd8c7
18.g3 O-O-O
19.Na2c1 g5
20.Bf3g2 Nc6e7
21.f4 Nf6e4
22.Bg2xe4 dxe4
23.Qd2g2 Qd6d5
24.Be3d2 gxf4
25.Qg2xe4 Qd5xe4
26.Re1xe4 fxg3
27.Re4xe6 Ne7f5
28.Kg2 h5
29.Re6f6 Nf5h4
30.Kg1 g2
31.Bd2f4 Rh8g8
32.Bf4xc7 Kxc7
33.Nc1e2 Rd8e8
34.Ra1e1 Re8e3
35.Kf2 Re3xh3
36.Ne2f4 Rh3h1
37.Nf4d5 Kd8
38.Rf6d6 Kc8
39.Re1g1 Rg8f8
40.Rd6f6 Rf8e8
41.Nd5f4 Rh1xg1
{ resign }
0-1

[Event "Tourn. n8651"]
[Site "www.chess-mail.com"]
[Date "2016.04.28"]
[Round "1"]
[White "Cal"]
[Black "Falcoale"]
[WhiteElo "1760"]
[BlackElo "1670"]
[Result "1-0"]
[Round "1"]
1.Nb1c3 Ng8f6
2.e4 e6
3.a3 Nb8c6
4.d4 d5
5.e5 Nf6d7
6.Ng1f3 a6
7.h3 b5
8.b4 Bc8b7
9.Bf1d3 Bf8e7
10.Bc1f4 O-O
11.O-O f5
12.Nc3e2 Nd7b6
13.Ne2g3 Nb6c4
14.Bd3xc4 bxc4
15.c3 h6
16.Ng3h5 g5
17.Bf4h2 Kh7
18.a4 g4
19.hxg4 fxg4
20.Nf3d2 Be7g5
21.f4 Bg5e7
22.Bh2g3 Rf8g8
23.f5 exf5
24.Rf1xf5 Bb7c8
25.Qd1c2 Bc8xf5
26.Qc2xf5 Kh8
27.Bg3f4 Be7g5
28.Bf4xg5 Rg8xg5
29.Qf5f6 Qd8xf6
30.Nh5xf6 h5
31.Nf6xd5 Ra8c8
32.Nd2xc4 Rg5g7
33.e6 h4
34.Nd5f6 Rc8f8
35.Ra1f1 Nc6e7
36.Nf6h5 Rf8xf1
37.Kxf1 Rg7g6
38.Nc4e5 Rg6g8
39.Ne5f7 Kh7
40.Nh5f6 Kg6
41.Nf6xg4 Ne7f5
42.Ng4e5 Kf6
43.g4 Nf5e3
44.Kf2 Ne3xg4
45.Ne5xg4 Kxe6
46.Nf7e5 Kd5
47.Ng4f6 { resign }
1-0

[Event "Tourn. n8721"]
[Site "www.chess-mail.com"]
[Date "2016.04.28"]
[Round "1"]
[White "Cal"]
[Black "Genius1"]
[WhiteElo "1660"]
[BlackElo "1460"]
[Result "1-0"]
[Round "1"]
1.d4 g6
2.e4 Bf8g7
3.Bc1e3 d6
4.Ng1f3 Ng8f6
5.h3 Nf6xe4
6.a3 O-O
7.Bf1d3 Ne4f6
8.O-O Nb8d7
9.c4 e5
10.dxe5 Nd7xe5
11.Be3d4 Ne5xd3
12.Qd1xd3 Bc8f5
13.Qd3c3 Bf5xb1
14.Ra1xb1 Nf6h5
15.Bd4xg7 Nh5xg7
16.Nf3d4 Ng7e6
17.Nd4f3 Qd8d7
18.Rb1d1 Qd7e7
19.Rf1e1 Qe7d7
20.Nf3e5 Qd7e7
21.Ne5g4 f6
22.Rd1d3 Qe7f7
23.Ng4h6 { resign }
1-0

[Event "Tourn. n8721"]
[Site "www.chess-mail.com"]
[Date "2016.04.28"]
[Round "1"]
[White "Mrmoto"]
[Black "Daquata"]
[WhiteElo "1560"]
[BlackElo "1620"]
[Result "1-0"]
[Round "1"]
1.d4 Ng8f6
2.c4 e6
3.Nb1c3 Bf8b4
4.e3 Nf6e4
5.Qd1b3 Bb4xc3
6.bxc3 O-O
7.f3 Ne4f6
8.Bf1d3 d5
9.cxd5 Nf6xd5
10.Ng1e2 Nb8c6
11.Qb3c2 h6
12.O-O Qd8f6
13.c4 Nd5b4
14.Qc2c3 Nb4xd3
15.Qc3xd3 Bc8d7
16.Ra1b1 Ra8b8
17.d5 Nc6e5
18.Qd3e4 Rf8e8
19.f4 Ne5g4
20.d6 cxd6
21.Rb1xb7 a5
22.h3 d5
23.cxd5 exd5
24.Qe4xd5 Bd7e6
25.Qd5b5 Rb8xb7
26.Qb5xe8 { resign }
1-0

[Event "Tourn. n8684"]
[Site "www.chess-mail.com"]
[Date "2016.04.28"]
[Round "1"]
[White "Greghghs"]
[Black "Conde7"]
[WhiteElo "2340"]
[BlackElo "2830"]
[Result "0-1"]
[Round "1"]
1.e4 c5
2.Ng1f3 d6
3.d4 cxd4
4.Nf3xd4 Ng8f6
5.Nb1c3 a6
6.Bc1e3 e5
7.Nd4b3 Bc8e6
8.Qd1d2 Bf8e7
9.O-O-O Nf6g4
10.Kb1 Ng4xe3
11.Qd2xe3 Nb8d7
12.Bf1e2 Ra8c8
13.g3 Qd8b6
14.Qe3xb6 Nd7xb6
15.f4 Rc8xc3
16.bxc3 Nb6a4
17.Rd1d2 Na4xc3
18.Kb2 Nc3xe4
{ resign }
0-1

[Event "Tourn. n8611"]
[Site "www.chess-mail.com"]
[Date "2016.04.28"]
[Round "1"]
[White "Genius7"]
[Black "Snoopy"]
[WhiteElo "2200"]
[BlackElo "2359"]
[Result "1/2-1/2"]
[Round "1"]
1.c4 b6
2.Nb1c3 Bc8b7
3.d4 e6
4.Ng1f3 Ng8f6
5.e3 Bf8b4
6.Bc1d2 O-O
7.Bf1d3 Bb4xc3
8.Bd2xc3 Nf6e4
9.Qd1c2 Ne4xc3
10.Qc2xc3 Qd8f6
11.e4 Qf6g6
12.O-O Bb7xe4
13.Bd3xe4 Qg6xe4
14.Rf1e1 Qe4g6
15.Nf3e5 Qg6f6
16.Ra1d1 d6
17.Ne5f3 Nb8d7
18.a3 c5
19.h3 Ra8d8
20.Qc3c2 h6
21.b3 e5
22.dxe5 Nd7xe5
23.Nf3xe5 dxe5
24.Qc2e4 Rd8xd1
25.Re1xd1 Qf6e7
26.Rd1d5 f6
27.f4 Rf8d8
28.fxe5 Rd8xd5
29.Qe4xd5 Kf8
30.exf6 gxf6
31.Kf2 Kg7
32.Qd5f3 Qe7e5
33.Qf3g3 { draw }
1/2-1/2

[Event "Tourn. n8626"]
[Site "www.chess-mail.com"]
[Date "2016.04.28"]
[Round "1"]
[White "Starwind"]
[Black "Rons"]
[WhiteElo "2410"]
[BlackElo "2590"]
[Result "1-0"]
[Round "1"]
1.d4 Ng8f6
2.c4 e6
3.Nb1c3 Bf8b4
4.e3 O-O
5.Bf1d3 d5
6.Ng1f3 c5
7.O-O dxc4
8.Bd3xc4 Nb8d7
9.Qd1e2 b6
10.Rf1d1 cxd4
11.exd4 Bc8b7
12.Bc4d3 Ra8c8
13.Bc1d2 Bb4xc3
14.bxc3 Rf8e8
15.Ra1c1 Qd8e7
16.Nf3e5 Nd7xe5
17.Qe2xe5 Nf6d7
18.Qe5g3 e5
19.Rd1e1 f6
20.Bd3f5 g6
21.c4 Rc8d8
22.Bd2c3 Qe7g7
23.Bf5xd7 Qg7xd7
24.dxe5 fxe5
25.Bc3xe5 Bb7c6
26.h4 Qd7d3
27.Re1e3 Qd3d2
28.Rc1f1 Re8e6
29.Qg3g4 Qd2d7
30.Re3d3 Re6d6
31.Rd3xd6 Qd7xg4
32.Rd6xd8 Kf7
33.Be5g3 Qg4e4
34.f3 Qe4xc4
35.Rd8c8 Qc4d4
36.Kh2 Bc6d7
37.Rc8c1 Qd4a4
38.Rf1d1 Ke8
39.Rd1d2 Bd7f5
40.Rd2e2 Kd8
41.Rc1c7 g5
42.hxg5 Bf5d7
43.Re2d2 a5
44.Rd2xd7 { resign }
1-0

[Event "Tourn. n8708"]
[Site "www.chess-mail.com"]
[Date "2016.04.28"]
[Round "1"]
[White "Seger"]
[Black "Milkyway"]
[WhiteElo "2730"]
[BlackElo "2269"]
[Result "1-0"]
[Round "1"]
1.e4 e6
2.d4 d5
3.Nb1d2 dxe4
4.Nd2xe4 Bc8d7
5.Bf1d3 Bd7c6
6.Ng1f3 Bc6xe4
7.Bd3xe4 c6
8.Be4d3 Ng8f6
9.O-O Bf8d6
10.b3 O-O
11.Bc1b2 Nb8d7
12.c4 c5
13.a3 b6
14.dxc5 Bd6xc5
15.b4 Bc5e7
16.Nf3d4 Nd7e5
17.Nd4xe6 { resign }
1-0

[Event "Match"]
[Site "www.echecsemail.com"]
[Date "2016.04.28"]
[Round "1"]
[White "Pinehill"]
[Black "Ditto"]
[WhiteElo "2030"]
[BlackElo "1620"]
[Result "0-1"]
[Round "1"]
1.e4 e5
2.d4 exd4
3.Bf1c4 Nb8c6
4.Ng1f3 Bf8c5
5.O-O d6
6.c3 dxc3
7.Nb1xc3 Bc8g4
8.Qd1b3 Bg4h5
9.Bc1f4 Ng8f6
10.e5 dxe5
11.Nf3xe5 Nc6d4
12.Bc4xf7 Kf8
13.Qb3c4 Qd8e7
14.Bf7xh5 Nf6xh5
15.Qc4xc5 Qe7xc5
16.Ne5d7 Kf7
17.Nd7xc5 Nh5xf4
18.Kh1 b6
19.Nc5e4 Rh8e8
20.g3 Nf4e6
21.f4 h6
22.Rf1f2 g6
23.Ra1d1 c5
24.Ne4d6 Kg7
25.Nd6xe8 Ra8xe8
26.Rd1e1 Kf7
27.Nc3d5 Re8c8
28.g4 Rc8d8
29.h4 Rd8xd5
30.f5 gxf5
31.gxf5 Nd4xf5
32.h5 Ne6g5
33.Rf2f4 Kf6
34.Re1e2 Ng5h3
35.Rf4f3 Nh3g5
36.Rf3a3 a5
37.Ra3b3 Rd5d6
38.Re2f2 Ng5e4
39.Rb3f3 Ne4xf2
{ resign }
0-1

[Event "Match"]
[Site "www.echecsemail.com"]
[Date "2016.04.28"]
[Round "1"]
[White "Cheminet"]
[Black "Milkyway"]
[WhiteElo "1920"]
[BlackElo "1809"]
[Result "1-0"]
[Round "1"]
1.c4 c5
2.Nb1c3 Nb8c6
3.e4 d6
4.Ng1f3 e5
5.d3 Ng8f6
6.Bc1g5 Bf8e7
7.Bf1e2 O-O
8.O-O Bc8e6
9.Nc3d5 Be6xd5
10.cxd5 Nc6b4
11.Nf3h4 h6
12.Bg5d2 Nb4a6
13.f4 Nf6xe4
14.dxe4 Be7xh4
15.fxe5 dxe5
16.Ra1c1 Bh4e7
17.a3 Na6c7
18.Bd2e3 b6
19.Be2g4 Be7d6
20.Bg4h3 Nc7b5
21.Qd1g4 Qd8f6
22.Rf1xf6 { resign }
1-0

[Event "Match"]
[Site "www.echecsemail.com"]
[Date "2016.04.28"]
[Round "1"]
[White "Mars91"]
[Black "Attatroll"]
[WhiteElo "1789"]
[BlackElo "1950"]
[Result "1/2-1/2"]
[Round "1"]
1.Ng1f3 d5
2.d4 c6
3.g3 Ng8f6
4.Bf1g2 Bc8f5
5.O-O e6
6.Nb1d2 Bf8d6
7.c4 Nb8d7
8.b3 O-O
9.Bc1b2 h6
10.c5 Bd6b8
11.b4 Rf8e8
12.Nd2b3 Bb8c7
13.a4 Nd7f8
14.b5 Bf5h7
15.Ra1c1 a6
16.b6 Bc7b8
17.h3 Nf6e4
18.a5 Qd8f6
19.e3 Nf8g6
20.Nb3d2 Ne4xd2
21.Qd1xd2 Ng6e7
22.Rf1e1 Ne7f5
23.Bb2c3 Qf6g6
24.g4 Nf5e7
25.Bc3b2 Qg6d3
26.Qd2xd3 { draw }
1/2-1/2

[Event "Match"]
[Site "www.echecsemail.com"]
[Date "2016.04.28"]
[Round "1"]
[White "Billyg"]
[Black "Sonny1000"]
[WhiteElo "1560"]
[BlackElo "1600"]
[Result "1-0"]
[Round "1"]
1.e4 e5
2.Ng1f3 Nb8c6
3.d4 Bf8d6
4.Bf1b5 Bd6b4
5.c3 Bb4a5
6.b4 Ba5b6
7.Bb5xc6 dxc6
8.O-O Ng8f6
9.Bc1g5 h6
10.Bg5h4 Nf6xe4
11.Nf3xe5 Qd8d5
12.Rf1e1 O-O
13.f3 g5
14.Bh4g3 Kg7
15.Re1xe4 Rf8h8
16.Nb1a3 f5
17.Re4e2 c5
18.dxc5 Qd5xd1
19.Ra1xd1 Rh8e8
20.cxb6 f4
21.Bg3f2 axb6
22.Bf2d4 Kf8
23.Na3b5 Re8e6
24.Nb5xc7 Ra8a3
25.Nc7xe6 Bc8xe6
26.Ne5g6 Ke8
27.Re2xe6 Kf7
28.Re6xb6 Ra3xa2
29.Bd4c5 Ke8
30.Rb6xb7 Ra2a6
31.Bc5b6 Ra6xb6
32.Rb7xb6 Kf7
33.Ng6e5 Ke8
34.Rb6b7 Kf8
35.Rd1d8 { resign }
1-0

[Event "Match"]
[Site "www.echecsemail.com"]
[Date "2016.04.28"]
[Round "1"]
[White "Libiesse"]
[Black "Amo"]
[WhiteElo "1910"]
[BlackElo "1809"]
[Result "1-0"]
[Round "1"]
1.d4 Ng8f6
2.c4 e6
3.Ng1f3 c5
4.d5 exd5
5.cxd5 c4
6.Bc1g5 Qd8a5
7.Nb1c3 Nf6e4
8.Qd1a4 Bf8b4
9.Qa4xa5 Bb4xa5
10.Bg5d2 Ne4xc3
11.Bd2xc3 Ba5xc3
12.bxc3 O-O
13.e4 Rf8e8
14.Nf3d2 b5
15.f3 Bc8b7
16.Ra1b1 a6
17.Nd2xc4 Ra8a7
18.Nc4d6 Re8e5
19.c4 g6
20.Kf2 f5
21.Bf1d3 fxe4
22.fxe4 Bb7a8
23.Rh1f1 Re5h5
24.h3 g5
25.Ke3 Rh5h6
26.Nd6f5 Rh6b6
27.Nf5e7 Kh8
28.Ne7c8 Rb6b7
29.Nc8xa7 Rb7xa7
30.Rf1f8 { resign }
1-0

[Event "1/32 Finale"]
[Site "www.chess-mail.com"]
[Date "2016.04.28"]
[Round "1"]
[White "Bevittsmith"]
[Black "Osopanda"]
[WhiteElo "2310"]
[BlackElo "2040"]
[Result "1-0"]
[Round "1"]
1.e4 c5
2.Ng1f3 d6
3.d4 cxd4
4.Nf3xd4 Ng8f6
5.Nb1c3 a6
6.Bf1e2 e5
7.Nd4b3 Bc8e6
8.Bc1e3 Nb8d7
9.f4 exf4
10.Be3xf4 Nd7e5
11.O-O Qd8b6
12.Kh1 Bf8e7
13.Nc3d5 Be6xd5
14.exd5 O-O
15.c4 Ra8c8
16.Ra1c1 Rf8e8
17.Qd1d4 Qb6xd4
18.Nb3xd4 Nf6e4
19.Nd4f3 Be7f6
20.Nf3xe5 dxe5
21.Bf4e3 Re8d8
22.Kg1 Bf6e7
23.Be2g4 Rc8b8
24.Be3b6 Rd8f8
25.Rf1d1 Be7c5
26.Bb6xc5 Ne4xc5
27.b4 Nc5e4
28.c5 Rb8d8
29.Bg4f5 Ne4f6
30.d6 e4
31.Kf1 e3
32.a4 Rf8e8
33.Ke2 g6
34.Bf5b1 Kg7
35.b5 axb5
36.axb5 Nf6g4
37.c6 bxc6
38.bxc6 Re8e6
39.c7 Rd8xd6
40.Rd1xd6 Re6xd6
41.c8Q Rd6d2
42.Kf3 h5
43.Qc8c3 f6
44.h3 Rd2f2
45.Kg3 Ng4e5
46.Qc3xe3 Rf2b2
47.Rc1c7 Ne5f7
48.Bb1a2 Rb2xa2
49.Rc7xf7 Kxf7
50.Qe3b3 { resign }
1-0

[Event "Fast Game"]
[Site "www.echecsemail.com"]
[Date "2016.04.28"]
[Round "1"]
[White "Battlechess"]
[Black "Cal"]
[WhiteElo "1659"]
[BlackElo "1560"]
[Result "1/2-1/2"]
[Round "1"]
1.e4 e5
2.Ng1f3 d6
3.d4 exd4
4.Qd1xd4 Nb8c6
5.Bf1b5 Bc8d7
6.Bb5xc6 Bd7xc6
7.c4 h6
8.Nb1c3 Ng8f6
9.O-O Bf8e7
10.Nc3d5 Bc6xd5
11.exd5 O-O
12.Rf1e1 a6
13.h3 c5
14.Qd4d3 Rf8e8
15.Bc1d2 Be7f8
16.Re1xe8 Nf6xe8
17.Ra1e1 Ne8f6
18.b3 b5
19.Bd2c3 b4
20.Bc3b2 Bf8e7
21.Bb2xf6 Be7xf6
22.Re1e2 Qd8d7
23.Nf3d2 Bf6e5
24.Nd2f3 Ra8e8
25.Nf3xe5 dxe5
26.g4 f6
27.Qd3e3 f5
28.Qe3f3 f4
29.Qf3e4 Qd7d6
30.f3 a5
31.Kg2 g5
32.Re2e1 { draw }
1/2-1/2

[Event "Tourn. n8675"]
[Site "www.chess-mail.com"]
[Date "2016.04.29"]
[Round "1"]
[White "Matchbox"]
[Black "Jjmcbride"]
[WhiteElo "1690"]
[BlackElo "1690"]
[Result "1-0"]
[Round "1"]
1.Ng1f3 d5
2.d4 h6
3.c3 g5
4.h3 b6
5.g3 Bf8g7
6.Bf1g2 Ng8f6
7.O-O g4
8.hxg4 Nf6xg4
9.a4 Nb8c6
10.Nb1d2 Qd8d6
11.Nd2b3 e5
12.dxe5 Nc6xe5
13.Nf3xe5 Bg7xe5
14.Qd1xd5 Qd6xd5
15.Bg2xd5 Ra8b8
16.Bd5c6 Bc8d7
17.Bc6xd7 Kxd7
18.Rf1d1 Be5d6
19.a5 Rh8e8
20.axb6  { time }
1-0

[Event "Tourn. n8681"]
[Site "www.chess-mail.com"]
[Date "2016.04.29"]
[Round "1"]
[White "Roserl"]
[Black "Roque1"]
[WhiteElo "1920"]
[BlackElo "2000"]
[Result "1-0"]
[Round "1"]
1.e4 c5
2.Ng1f3 e6
3.d4 cxd4
4.Nf3xd4 Qd8a5
5.Nb1c3 Ng8f6
6.Bc1d2 Bf8b4
7.Bf1d3 O-O
8.O-O a6
9.a3 Bb4xc3
10.Bd2xc3 Qa5c7
11.Qd1e2 Nb8c6
12.Nd4xc6 bxc6
13.Bc3xf6 gxf6
14.Qe2e3 e5
15.Qe3h6 d6
16.Rf1e1 Bc8e6
17.Re1e3 Kh8
18.Qh6xf6 { resign }
1-0

[Event "Tourn. n8713"]
[Site "www.chess-mail.com"]
[Date "2016.04.29"]
[Round "1"]
[White "Cal"]
[Black "Daquata"]
[WhiteElo "1620"]
[BlackElo "1660"]
[Result "0-1"]
[Round "1"]
1.e4 e5
2.a3 Ng8f6
3.Nb1c3 Nb8c6
4.d3 Bf8e7
5.Bc1g5 O-O
6.b4 d5
7.Bg5xf6 Be7xf6
8.Bf1e2 Nc6d4
9.Ng1f3 Nd4xe2
10.Qd1xe2 Bc8g4
11.h3 Bg4h5
12.O-O Rf8e8
13.Nc3xd5 c6
14.Nd5e3 Qd8c7
15.g4 Bh5g6
16.c4 Ra8d8
17.Rf1d1 h6
18.Ne3g2 Rd8d7
19.a4 Re8d8
20.h4 Qc7b6
21.Qe2d2 Bg6xe4
22.Qd2e3 Qb6xe3
23.Ng2xe3 Be4xf3
24.Rd1d2 e4
25.d4 Rd7xd4
26.Rd2xd4 Rd8xd4
27.Ne3f5 Rd4xc4
28.Nf5d6 Bf6xa1
29.Nd6xc4 Bf3xg4
30.Nc4d6 b6
31.Nd6xe4 Ba1f6
32.Kg2 Bf6xh4
33.f3 Bg4f5
34.Ne4d6 Bf5c2
35.Nd6c8 Bc2xa4
36.Nc8xa7 Bh4e1
37.Na7c8 Be1xb4
38.Nc8xb6 Ba4b5
39.Nb6d7 c5
40.Nd7b6 c4
41.Nb6d5 Bb4d2
42.Kf2 c3
43.Nd5b4 Bb5a4
44.Ke2 h5
45.Kd3 h4
{ resign }
0-1

[Event "Tourn. n8702"]
[Site "www.chess-mail.com"]
[Date "2016.04.29"]
[Round "1"]
[White "Raven16"]
[Black "Piekki"]
[WhiteElo "2180"]
[BlackElo "2090"]
[Result "0-1"]
[Round "1"]
1.d4 Ng8f6
2.c4 e6
3.Ng1f3 c5
4.d5 exd5
5.cxd5 d6
6.Nb1c3 Bc8f5
7.Nf3h4 Bf5c8
8.g3 Qd8a5
9.Bf1g2 b5
10.O-O g6
11.e4 Bf8g7
12.f4 b4
13.e5 bxc3
14.exf6 Bg7xf6
15.Rf1e1 Kf8
16.Qd1c2 Kg7
17.b3 Bf6xh4
18.gxh4 Bc8f5
19.Qc2f2 Nb8a6
20.Bg2e4 Bf5xe4
21.Re1xe4 Rh8e8
22.Re4xe8 Ra8xe8
23.Bc1e3 Na6b4
24.f5 Nb4xd5
25.Be3g5 f6
26.fxg6 hxg6
27.Bg5f4 Nd5xf4
28.Qf2xf4 c2
29.Kf2 Re8e5
{ resign }
0-1

[Event "Tourn. n8741"]
[Site "www.chess-mail.com"]
[Date "2016.04.29"]
[Round "1"]
[White "Llcervello"]
[Black "Picifarkinca"]
[WhiteElo "1610"]
[BlackElo "1720"]
[Result "0-1"]
[Round "1"]
1.e4 c6
2.b4 d5
3.Nb1c3 d4
4.Nc3a4 e5
5.a3 Ng8f6
6.f3 Bc8e6
7.d3 Bf8e7
8.c4 O-O
9.c5 Nb8d7
10.Qd1c2 b5
11.Na4b2 a5
12.Bc1d2 axb4
13.Bd2xb4 Nd7b6
14.a4 Nf6d5
15.Bb4d2 Nd5e3
16.Bd2xe3 dxe3
17.Ng1e2 Nb6xa4
18.Nb2xa4 Ra8xa4
19.Ra1xa4 bxa4
20.Qc2xa4 Be7xc5
21.Qa4xc6 Qd8a5
22.Kd1 Qa5d2
{ resign }
0-1

[Event "Tourn. n8716"]
[Site "www.chess-mail.com"]
[Date "2016.04.29"]
[Round "1"]
[White "Derfel83"]
[Black "Coventry"]
[WhiteElo "1950"]
[BlackElo "1910"]
[Result "1-0"]
[Round "1"]
1.c4 f5
2.d4 Ng8f6
3.Ng1f3 g6
4.Bc1f4 Bf8g7
5.e3 d6
6.Bf4g3 O-O
7.Bf1d3 c6
8.O-O h6
9.Nf3h4 Kh7
10.h3 Qd8e8
11.Nb1d2 e5
12.f3 Nb8a6
13.e4 f4
14.Bg3xf4 exf4
15.Rf1e1 Na6b4
16.Bd3b1 { resign }
1-0

[Event "Tourn. n8690"]
[Site "www.chess-mail.com"]
[Date "2016.04.29"]
[Round "1"]
[White "Loper10"]
[Black "Tonino1"]
[WhiteElo "2650"]
[BlackElo "2210"]
[Result "1-0"]
[Round "1"]
1.e4 c5
2.d4 cxd4
3.c3 dxc3
4.Nb1xc3 Nb8c6
5.Ng1f3 d6
6.Bf1c4 e6
7.O-O Ng8f6
8.Qd1e2 Bf8e7
9.Rf1d1 Qd8b6
10.Bc1f4 O-O
11.Bf4xd6 Be7xd6
12.Rd1xd6 Qb6c5
13.Ra1d1 Nc6a5
14.Bc4b5 a6
15.e5 axb5
16.exf6 gxf6
17.Nc3e4 Qc5f5
18.Nf3h4 Qf5f4
19.g3 Qf4h6
20.Nh4f5  { time }
1-0